| 000 | 00747nam a22003137a 4500 | ||
|---|---|---|---|
| 001 | BR7905472 | ||
| 003 | BR-BrBNA | ||
| 005 | 20230928090050.0 | ||
| 007 | ta | ||
| 008 | 230509b bl.||||| |||| 00| 0 por d | ||
| 040 |
_aBR-BrBNA _bpor _cBiblioteca Nacional de Agricultura |
||
| 041 | _a(Spa) | ||
| 072 |
_aP12 _b/G516 |
||
| 090 | _ P12 BR7905472 | ||
| 100 | 1 | _aGurovich, L.A. | |
| 245 | 1 | _aEficiencia de irrigacao [Chile] | |
| 260 | 3 |
_aPetrolina, PE (Brasil): _c1979. |
|
| 300 | _a31 p. | ||
| 500 | _a13 ref. | ||
| 650 | _aIrrigacao | ||
| 650 | _aAgua | ||
| 650 | _aEvaporacao | ||
| 650 | _aInfiltracao | ||
| 650 | _aCusto | ||
| 650 | _aRendimento | ||
| 650 | _aChile | ||
| 909 |
_a202309 _bLucia _c55 _dLucia Elande |
||
| 942 | _cBK | ||
| 999 |
_c27672 _d27672 |
||